| 000 | 00526nam a2200193 a 4500 | ||
|---|---|---|---|
| 005 | 20210219152011.0 | ||
| 008 | 991125s1953 mx 000 0 spa u | ||
| 035 | _aUPN01000045228 | ||
| 049 | _aCG | ||
| 050 | 4 |
_aLB775.6 C8 _bP64 |
|
| 100 | 1 | _aCuervo Ramírez, Tomás | |
| 245 | 1 | 3 |
_aEl poema de los niños / _cTomás Cuervo Ramírez. |
| 260 |
_aMéxico : _b[s.n.], _c1953. |
||
| 300 | _a24 p. | ||
| 520 | _a"Año Hidalgo" | ||
| 520 | _aDisponible en la Colección Medina | ||
| 650 | 4 |
_aNIÑOS - _xPOESIA |
|
| 905 | _aLibro | ||
| 999 |
_c45228 _d45228 |
||